Normal view
MARC view
- Manger, Jason J
Entry Personal Name
001 - CONTROL NUMBER
- control field: 112965
003 - CONTROL NUMBER IDENTIFIER
- control field: NUST
005 - DATE AND TIME OF LATEST TRANSACTION
- control field: 20230602150753.0
008 - FIXED-LENGTH DATA ELEMENTS
- fixed length control field: 230602|| aca||aabn | a|a d
040 ## - CATALOGING SOURCE
- Original cataloging agency: NUST
- Transcribing agency: NUST
100 ## - HEADING--PERSONAL NAME
- Personal name: Manger, Jason J
670 ## - SOURCE DATA FOUND
- Source citation: Work cat.: (NUST)179647: Manger, Jason J., UNIX the complete book a guide for the professional user /, 1995
